000 00493nam a2200181Ia 4500
005 20250326124454.0
008 250326s9999 xx 000 0 und d
037 _aTextbook
040 _aFMSL
_beng
_cFMSL
041 _aeng
_2eng
084 _aX:77 L1
_qFMSL
100 _aLivingstone I
_9123565
245 0 _aEconomic policy for development
_cLivingstone I
260 _aUSA
_bUSA, Penguin Books
_c1971
300 _a462p
942 _cTB
_hX:77 L1
999 _c1273845
_d1273845